[Event "Challenge"]
[Site "http://www.queenalice.com/game.php?id=1218184"]
[Date "2013.9.19"]
[Round "-"]
[White "graewerld"]
[Black "pawnpawn"]
[Result "0-1"]
[WhiteElo "1567"]
[BlackElo "1500"]

1. e3 Nf6 2. d3 d5 3. d4 e6 4. Nc3 Nc6 5. g3 Be7 6. Bb5 O-O 7. Bd3 h6 8. Na4 Bd7
9. Nc5 Bxc5 10. dxc5 Rb8 11. c3 b6 12. Bc2 bxc5 13. f4 Ne7 14. Qd3 Bb5 15. Qd1
c6 16. b3 a5 17. Nf3 Ba6 18. h4 Qc7 19. h5 Nh7 20. Nh4 e5 21. f5 e4 22. Ng2
Qxg3+ 23. Kd2 Qf2+ 24. Qe2 Qxe2# 0-1

[Event "Let's Play Chess!"]
[Site "http://www.queenalice.com/game.php?id=1218189"]
[Date "2013.9.19"]
[Round "-"]
[White "acm_chessmaster"]
[Black "pawnpawn"]
[Result "1-0"]
[WhiteElo "1893"]
[BlackElo "1506"]

1. e4 e5 2. Nf3 Nc6 3. Bc4 Bc5 4. c3 Nf6 5. d3 O-O 6. h3 d5 7. exd5 Nxd5 8. b4
Bb6 9. a4 a5 10. b5 Nb8 11. O-O Qd6 12. Ba3 Bc5 13. Re1 Bxa3 14. Nxa3 Re8 15.
Qc2 c5 16. Ba2 Nd7 17. Bb1 Qg6 18. Nc4 Nf4 19. Nh4 Qh5 20. Nf3 Ng6 21. Nd6 Re6
22. Nxc8 Rxc8 23. Ba2 Ree8 24. Bd5 Rc7 25. Qb3 Nb6 26. Be4 Nh8 27. Re3 g6 28.
Rae1 Qh6 29. Bd5 Qf4 30. Re4 Qf5 31. Rxe5 Rxe5 32. Rxe5 Qxd3 33. Ng5 c4 34. Qa3
Nxd5 35. Re8+ 1-0

[Event "Let's Play Chess!"]
[Site "http://www.queenalice.com/game.php?id=1218234"]
[Date "2013.9.19"]
[Round "-"]
[White "perucona"]
[Black "pawnpawn"]
[Result "1-0"]
[WhiteElo "1170"]
[BlackElo "1353"]

1. e4 e5 2. d4 exd4 3. Qxd4 Nc6 4. Qd5 Nf6 5. Qd3 Be7 6. Nc3 O-O 7. Bg5 Re8 8.
Bxf6 Bxf6 9. O-O-O b6 10. Be2 Ne5 11. Qd2 Bb7 12. Nf3 d6 13. Nxe5 Rxe5 14. f3 h6
15. h3 1-0

[Event "Let's Play Chess!"]
[Site "http://www.queenalice.com/game.php?id=1218496"]
[Date "2013.9.20"]
[Round "-"]
[White "charles31"]
[Black "pawnpawn"]
[Result "1-0"]
[WhiteElo "1778"]
[BlackElo "1734"]

1. e4 e5 2. Nf3 Nc6 3. a3 Nf6 4. Nc3 d6 5. h3 Be6 6. Bb5 Bd7 7. d4 exd4 8. Nxd4
Ne7 9. Bxd7+ Qxd7 10. Bg5 Neg8 11. Qe2 h6 12. Bf4 O-O-O 13. b4 Nxe4 14. Nxe4 d5
15. Nc5 Bxc5 16. bxc5 Re8 17. Be3 Qa4 18. Qg4+ 1-0

[Event "Let's Play Chess!"]
[Site "http://www.queenalice.com/game.php?id=1218501"]
[Date "2013.9.20"]
[Round "-"]
[White "Ruusgugg"]
[Black "pawnpawn"]
[Result "1-0"]
[WhiteElo "1337"]
[BlackElo "1314"]

1. g3 d5 2. Bg2 Nf6 3. Nh3 g6 4. O-O Bg7 5. b3 Ne4 6. d3 Bxh3 7. Bxh3 Bxa1 8. c3
Nxc3 9. Nxc3 Bxc3 10. a4 O-O 11. Qc2 d4 12. Bf4 c5 13. e3 Nc6 14. e4 e5 15. Bc1
Qb6 16. f4 Na5 17. fxe5 Nxb3 18. Bh6 Rfe8 19. Qf2 Qc7 20. Qf6 Qxe5 21. Qxf7+ Kh8
22. Rb1 Re7 23. Qf2 Na5 24. Qe2 Nc6 25. Bf4 Qg7 26. Rb5 Bb4 27. Qc2 a6 28. Rb6
Ba5 29. Rb1 g5 30. Bd6 g4 31. Bg2 Rf7 32. Bxc5 Ne5 33. Bxd4 Nf3+ 34. Bxf3 Qxd4+
35. Qf2 Qxf2+ 36. Kxf2 Rxf3+ 37. Kg2 Raf8 38. e5 Bb6 39. Re1 Rf2+ 40. Kh1 Rf1+
41. Rxf1 1-0

[Event "Challenge"]
[Site "http://www.queenalice.com/game.php?id=1219120"]
[Date "2013.9.23"]
[Round "-"]
[White "pawnpawn"]
[Black "onfs2"]
[Result "0-1"]
[WhiteElo "1314"]
[BlackElo "1868"]

1. d4 e6 2. Nf3 Be7 3. c4 d5 4. Nc3 c6 5. e3 Bb4 6. Bd3 Nf6 7. O-O Bxc3 8. bxc3
dxc4 9. Bxc4 b5 10. Bd3 O-O 11. Qc2 h6 12. Rd1 Re8 13. e4 a5 14. h3 a4 15. Ba3
Ra7 16. Ne5 Nbd7 17. Nxc6 Qc7 18. Nxa7 Qxa7 19. e5 Nd5 20. Bxb5 Qb7 21. Bxa4 Nf4
22. f3 Nxh3+ 23. gxh3 Qxf3 24. Qd3 Qxd3 25. Rxd3 Rd8 26. Bd6 Nb6 27. Bc7 Nxa4
28. Bxd8 Nb2 29. Rd2 Nc4 30. Rg2 Ne3 31. a4 Bb7 32. Re2 Nd5 0-1

[Event "Let's Play Chess!"]
[Site "http://www.queenalice.com/game.php?id=1219529"]
[Date "2013.9.24"]
[Round "-"]
[White "spawnwolfwolverine"]
[Black "pawnpawn"]
[Result "1-0"]
[WhiteElo "1669"]
[BlackElo "1417"]

1. d4 d5 2. e3 Nf6 3. g3 Bf5 4. Bg2 e6 5. Ne2 Nc6 6. O-O Qd6 7. b3 Nb4 8. Na3
Be7 9. Bd2 Qa6 10. c3 Bd3 11. Re1 Qxa3 12. cxb4 Ne4 13. Bxe4 dxe4 14. Nf4 Bb5
15. Bc3 Bxb4 16. Bxb4 Qxb4 17. Qh5 Bd7 18. Rac1 O-O 19. Red1 c6 20. Qe5 a5 21.
Qc5 Qxc5 22. dxc5 Rad8 23. Kg2 g5 24. Nh5 1-0

[Event "AUTO-INT-2726"]
[Site "http://www.queenalice.com/game.php?id=1219799"]
[Date "2013.9.25"]
[Round "1"]
[White "Admilton"]
[Black "pawnpawn"]
[Result "1-0"]
[WhiteElo "1520"]
[BlackElo "1454"]

1. b3 c5 2. Bb2 d5 3. d4 Nf6 4. e3 e6 5. c4 cxd4 6. Bxd4 Ne4 7. Nd2 Nc6 8. Bd3
Qg5 9. cxd5 exd5 10. Qf3 Nxd2 11. Kxd2 Nxd4 12. Qg3 Qxg3 13. hxg3 Nc6 14. Nf3 f5
15. Nh4 Bb4+ 16. Ke2 1-0

[Event "AUTO-INT-2726"]
[Site "http://www.queenalice.com/game.php?id=1219800"]
[Date "2013.9.25"]
[Round "1"]
[White "pawnpawn"]
[Black "Admilton"]
[Result "0-1"]
[WhiteElo "1504"]
[BlackElo "1504"]

1. d4 Nf6 2. c4 d5 3. Nf3 h6 4. Nc3 e6 5. Ne5 Qe7 6. a3 b6 7. g3 Nbd7 8. Bg2 Qd6
9. Nb5 Qe7 10. Nc6 Qd8 11. Nxd8 Kxd8 12. Bf4 Bd6 13. Bxd6 cxd6 14. cxd5 Nxd5 0-1